Error analysis: perspectives on second language acquisition
Saved in:
| Main Author: | |
|---|---|
| Format: | Book |
| Language: | English |
| Published: |
Londres
Longman Group Limited
1974
|
| Subjects: | |
| Tags: |
Add Tag
No Tags, Be the first to tag this record!
|
MARC
| LEADER | 00000cam a2200000 a 4500 | ||
|---|---|---|---|
| 001 | UCF5972 | ||
| 003 | CL-VaPUC | ||
| 008 | 130404e19740000UK |||||||||||||||||eng|d | ||
| 020 | |a 0582550440 | ||
| 082 | 0 | 4 | |a 418 |b RIC |2 21 |
| 100 | 0 | |a Richards, Jack C |e author |9 568010 | |
| 245 | 1 | 0 | |a Error analysis: perspectives on second language acquisition |
| 300 | |a 228 p | ||
| 942 | |c BK | ||
| 945 | |d 20130404 00:00:00 |a dcastane | ||
| 260 | |a Londres |b Longman Group Limited |c 1974 | ||
| 650 | 0 | |a Lingüística descriptiva |9 463027 | |
| 650 | 0 | |a Lingüística aplicada |9 313266 | |
| 650 | 0 | |a Lengua inglesa |9 318842 | |
| 583 | |a last modification |c 20130404 09:53:00 |k Rodrigo Vera | ||
| 999 | |c 351365 |d 351363 | ||
| 952 | |0 0 |1 0 |4 0 |6 418_000000000000000_RIC_1974 |7 0 |8 A |9 455414 |a BIBEDU |b BIBEDU |d 2019-11-22 |i 4809955 |o 418 RIC 1974 |p 4809955 |r 2019-11-22 |w 2019-11-22 |y BK |k LIT | ||